[Event "35th European Club Cup 2019"]
[Site "Ulcinj"]
[Date "2019.11.11"]
[Round "2.8"]
[White "Perunovic, Milos"]
[Black "Gozzoli, Yannick"]
[Result "1/2-1/2"]
[WhiteElo "2578"]
[BlackElo "2600"]
[Annotator "TA"]
[PlyCount "104"]
[EventDate "2019.11.10"]
[EventType "team-tourn"]
[EventCountry "MNE"]
[SourceTitle "playchess.com"]
[Source "ChessBase"]
[SourceQuality "1"]
[WhiteTeam "Sloven Ruma"]
[BlackTeam "Asnieres"]

{[%evp 11,104,0,9,9,0,0,0,0,6,0,0,0,1,0,0,0,0,0,0,-38,-38,-30,-35,-31,-31,-31,-40,-30,-30,-36,-38,-41,-45,-42,-35,-36,-50,-50,-50,-59,-62,-62,-73,-82,-66,-72,-67,-43,-37,-56,-16,-94,-68,-67,-65,-121,-125,-126,-98,-110,-120,-172,-162,-172,-167,-185,-185,-183,-185,-181,-177,-169,-89,-87,-80,-89,-68,-68,-68,-228,-238,-133,-94,-56,-55,-55,-55,-55,-55,-55,-55,-55,0,0,0]} 1. e4 e5 2. Nf3 Nc6 3. Nc3 Nf6 4. Bb5 Nd4 5. Bc4 Bc5 6. d3 d6 7. Na4 {C48: Four Knights: 4 Bb5, replies other than 4...Bb4} b5 8. Nxd4 bxc4 9. Nf5 Bxf5 10. exf5 cxd3 11. Nxc5 dxc5 12. Qxd3 Qxd3 13. cxd3 {[#]} Nd5 $146 ({Predecessor:} 13... O-O-O 14. Ke2 {1-0 (64) Shirov,A (2667)-Paravyan,D (2627) Prague 2019}) 14. Ke2 O-O-O 15. g3 Nb4 16. Be3 Nxd3 17. f3 Rhe8 18. b3 e4 19. fxe4 $1 Rxe4 {...Ne5 is the strong threat.} 20. Rad1 Ne5 21. Rxd8+ Kxd8 $15 {[%mdl 4096] Endgame KRB-KRN} 22. Kd2 Nd7 23. Kd3 Re5 24. Rf1 Rd5+ 25. Ke2 {[#]} c4 $1 {[%mdl 512]} 26. bxc4 Ra5 27. Ra1 a6 28. Bd4 f6 29. g4 Ra3 30. g5 Rh3 31. Rh1 (31. gxf6 $11 {keeps the balance.} gxf6 32. c5) 31... Ke7 32. gxf6+ gxf6 33. Kd2 (33. Bf2 $15) 33... Ne5 $17 {And now ...Rd3+ would win.} 34. Kc2 Rh5 35. Bxe5 fxe5 {KR-KR} 36. Kd3 (36. a4 $17) 36... Rxf5 $19 37. Rg1 Kd6 38. Rg8 Rf3+ 39. Ke4 Rf4+ 40. Kd3 Rd4+ 41. Kc3 Rh4 (41... h5 $19 42. Rg5 Rh4) 42. Rd8+ $17 Kc6 43. Rd5 Rh3+ 44. Kb4 e4 45. Re5 $2 {[#]} (45. Ra5 $15) 45... e3 $1 $19 ({Resist} 45... Rxh2 46. Rxe4 a5+ 47. Kxa5 $17) 46. a4 h5 ({Don't do} 46... Rxh2 47. Rxe3 h5 48. Re6+ Kb7 49. Rh6 $15) 47. Re6+ Kb7 48. a5 Rxh2 {Hoping for ...e2.} 49. Rxe3 h4 50. Re4 Rh1 51. Kc5 h3 ({Better is} 51... Rh3 $15) 52. Re3 $1 $11 h2 {Accuracy: White = 61%, Black = 82%.} 1/2-1/2

[Event "35th European Club Cup 2019"]
[Site "Ulcinj"]
[Date "2019.11.11"]
[Round "2.8"]
[White "Riff, Jean-Noel"]
[Black "Postny, Evgeny"]
[Result "1/2-1/2"]
[WhiteElo "2514"]
[BlackElo "2615"]
[Annotator "TA"]
[PlyCount "66"]
[EventDate "2019.11.10"]
[EventType "team-tourn"]
[EventCountry "MNE"]
[SourceTitle "playchess.com"]
[Source "ChessBase"]
[SourceQuality "1"]
[WhiteTeam "Mulhouse"]
[BlackTeam "Beer Sheva"]

{[%evp 24,66,18,17,16,17,16,16,16,16,40,16,46,58,58,56,72,69,62,63,67,56,83,83,81,74,87,89,68,48,45,50,61,15,15,0,61,61,58,0,40,0,53,0,38]} 1. e4 e5 2. Nf3 Nc6 3. Bb5 a6 4. Ba4 Nf6 5. O-O Be7 6. Re1 b5 7. Bb3 d6 8. c3 O-O 9. h3 Nb8 10. d4 Nbd7 11. Nbd2 Bb7 12. Bc2 c5 13. d5 c4 {C95: Closed Ruy Lopez: Breyer Variation with 10 d4} 14. b3 cxb3 15. axb3 Qc7 16. Nb1 {[#]} Rfb8 $146 ({Predecessor:} 16... Rfc8 17. Be3 a5 18. Qe2 b4 19. Rc1 Ba6 20. c4 Nc5 21. Nbd2 {½-½ (73) Olofsson,D (2555)-Turgut,T (2618) ICCF email 2013}) 17. Be3 Bd8 18. Nfd2 Bc8 19. Qe2 b4 20. Nc4 a5 21. cxb4 axb4 22. Nbd2 Be7 23. Rec1 Nc5 24. Qe1 Nfd7 25. Rxa8 Rxa8 26. Ra1 Rxa1 27. Qxa1 Ba6 28. Na5 Bb5 29. Nac4 Qb8 (29... Ba6 $11) 30. Qa5 $14 Ba6 31. Qa1 Bb5 32. Qa5 Ba6 33. Qa1 Bb5 {Accuracy: White = 55%, Black = 63%.} 1/2-1/2

[Event "35th European Club Cup 2019"]
[Site "Ulcinj"]
[Date "2019.11.11"]
[Round "2.9"]
[White "Roiz, Michael"]
[Black "Sokolov, Andrei"]
[Result "1/2-1/2"]
[WhiteElo "2602"]
[BlackElo "2497"]
[Annotator "TA"]
[PlyCount "144"]
[EventDate "2019.11.10"]
[EventType "team-tourn"]
[EventCountry "MNE"]
[SourceTitle "playchess.com"]
[Source "ChessBase"]
[SourceQuality "1"]
[WhiteTeam "Beer Sheva"]
[BlackTeam "Mulhouse"]

{[%evp 12,144,23,6,22,22,28,29,26,31,31,0,24,19,26,26,45,43,56,57,56,45,40,47,45,35,61,50,52,38,87,87,87,82,85,87,85,84,83,83,84,80,79,79,79,81,91,91,91,91,95,93,100,0,92,0,131,100,107,104,104,91,112,108,105,103,112,91,93,91,93,91,103,91,116,116,139,139,139,141,137,125,139,132,514,168,172,100,124,83,85,78,78,78,84,84,78,84,85,85,85,85,85,85,92,69,69,69,77,77,77,77,77,77,84,84,84,84,84,8,8,8,8,8,8,0,0,0,0,0,0,0,0,0,8]} 1. Nf3 Nf6 2. c4 e6 3. g3 d5 4. Bg2 dxc4 5. Qa4+ Nbd7 {[%cal Bb8d7,Bd7b6,Bb6d5,Bd5b4][%mdl 32]} 6. Qxc4 c5 7. d3 Be7 {A13: English Opening: 1...e6} (7... Bd6 8. a4 O-O 9. Nc3 b6 10. Nb5 Ba6 11. O-O Rc8 12. Qb3 Bb8 13. Nd2 Nd5 14. Nc4 N7f6 15. Bd2 Bb7 16. e4 Ne7 {½-½ (64) Jakovenko,D (2748)-Eljanov,P (2717) Baku 2015}) 8. Qb3 O-O 9. Nc3 Nb6 {White has an edge.} 10. O-O Nbd5 11. d4 Qb6 12. Rd1 $146 ({Predecessor:} 12. Qxb6 axb6 13. Rd1 Bd7 14. Ne5 Nxc3 15. bxc3 {0-1 (61) Romanishin,O (2560)-Ubilava,E (2430) Soviet Union 1979}) 12... Qxb3 13. axb3 cxd4 14. Nxd4 a6 15. Bg5 Nb4 16. Ndb5 e5 17. Nd6 Be6 18. Nc4 Rab8 19. Nxe5 Bxb3 20. Rd2 {Threatens to win with Nd7.} Be6 21. Nd7 Bxd7 {[#]} 22. Rxd7 $1 {[%mdl 512]} Nxd7 23. Bxe7 Nc6 24. Bxf8 Nxf8 25. Bxc6 bxc6 26. Rxa6 Rxb2 27. Rxc6 $16 {[%mdl 4096] Endgame KRN-KRN} Rc2 28. e4 g6 {[#]} 29. Nd5 $1 Rd2 30. Nf6+ Kg7 31. Ne8+ Kg8 32. Nf6+ Kg7 33. Ne8+ (33. Rd6 $16 Ra2 34. e5) 33... Kh6 (33... Kg8 $1 $11 {keeps the balance.}) 34. Nd6 Kg7 35. e5 Ne6 36. Rc4 Rd5 37. Ne8+ Kh8 {[#]} 38. f4 $1 Rd2 39. Nf6 h5 40. Ne4 Ra2 41. h4 Kg7 42. Kf1 Rb2 43. Ra4 Rb1+ 44. Ke2 Rb2+ 45. Kd3 Rb3+ 46. Kc2 Rb7 47. Nd6 Re7 $2 {[%mdl 8192]} (47... Rc7+ $16 {is a better chance.} 48. Kd2 Kf8) 48. Ra8 $2 (48. f5 {Intending f6+ and mate.} Rc7+ 49. Kd2 gxf5 50. Ne8+ {[%mdl 64] Double Attack} Kg6 51. Nxc7 Nxc7 52. Ra7) 48... Nc7 49. Rc8 (49. Ra7 $18) 49... Nd5 50. Kd3 {Kd4 is the strong threat.} Ra7 51. Ke4 Ne7 52. Rc3 Ra4+ 53. Kf3 Ra7 54. Rb3 Nc6 55. Ke3 Ne7 56. Ke4 Ra4+ 57. Kf3 Ra7 58. Rb7 Rxb7 59. Nxb7 $14 {KN-KN} Nf5 60. Nd6 Kf8 61. Ne4 Nd4+ 62. Kg2 Nf5 63. Kh3 Nh6 64. Nf6 Ke7 65. g4 ({White should play} 65. Kg2 $16) 65... hxg4+ $11 {The position is equal.} 66. Nxg4 Ng8 67. Nh2 f6 68. Nf3 Ke6 69. Kg3 Nh6 70. exf6 Nf5+ 71. Kg4 {Strongly threatening Kg5.} Kxf6 72. Ng5 Ne3+ {Accuracy: White = 59%, Black = 65%.} 1/2-1/2

[Event "35th European Club Cup 2019"]
[Site "Ulcinj"]
[Date "2019.11.11"]
[Round "2.9"]
[White "Delchev, Aleksander"]
[Black "Kosic, Dragan"]
[Result "1/2-1/2"]
[WhiteElo "2561"]
[BlackElo "2477"]
[Annotator "TA"]
[PlyCount "71"]
[EventDate "2019.11.10"]
[EventType "team-tourn"]
[EventCountry "MNE"]
[SourceTitle "playchess.com"]
[Source "ChessBase"]
[SourceQuality "1"]
[WhiteTeam "Asnieres"]
[BlackTeam "Sloven Ruma"]

{[%evp 12,71,20,18,22,18,10,0,0,0,0,0,0,0,10,-13,-18,-38,7,0,0,-33,0,-22,0,0,0,0,0,0,0,0,16,7,9,13,27,13,14,11,29,15,39,17,32,0,0,0,11,0,35,35,42,2,0,3,9,0,0,-8,0,0]} 1. d4 Nf6 2. Nf3 e6 3. g3 c5 4. Bg2 cxd4 5. Nxd4 d5 6. O-O e5 7. Nb3 Be7 {D02: 1 d4 d5 2 Nf3 sidelines, including 2...Nf6 3 g3 and 2...Nf6 3 Bf4} 8. Bg5 Nbd7 9. e3 h6 10. Bxf6 $1 Nxf6 11. Nc3 {[%cal Rc3d5]} e4 12. Qe2 $146 ({Predecessor:} 12. f3 exf3 13. Bxf3 Be6 14. Qd4 O-O 15. Rad1 {½-½ (35) Krasenkow,M (2668)-Gashimov,V (2664) Barcelona 2007}) 12... Qb6 13. a4 O-O 14. Qb5 Be6 15. Nd4 Rfc8 16. f3 {[%cal Rf3e4]} exf3 17. Bxf3 Rc5 18. Qxb6 axb6 19. Rad1 Rc4 20. Ndb5 Bc5 21. Rfe1 Re8 22. b3 Rxc3 $1 23. Nxc3 Bb4 24. Nb5 {Hoping for c3.} Bxe1 25. Rxe1 Rc8 26. Nd4 Bd7 27. Kg2 Kf8 28. h3 h5 29. Be2 Ke7 30. Rf1 g6 31. Bd3 Ne8 32. e4 dxe4 {The position is equal.} 33. Bxe4 Nd6 34. Bd5 Rc3 35. Rf2 Re3 36. Rf3 {Accuracy: White = 36%, Black = 55%.} 1/2-1/2

[Event "35th European Club Cup 2019"]
[Site "Ulcinj"]
[Date "2019.11.11"]
[Round "2.10"]
[White "Miljkovic, Miroslav D"]
[Black "Olivier, Pierre"]
[Result "1-0"]
[WhiteElo "2496"]
[BlackElo "2200"]
[Annotator "TA"]
[PlyCount "115"]
[EventDate "2019.11.10"]
[EventType "team-tourn"]
[EventCountry "MNE"]
[SourceTitle "playchess.com"]
[Source "ChessBase"]
[SourceQuality "1"]
[WhiteTeam "Sloven Ruma"]
[BlackTeam "Asnieres"]

{[%evp 16,115,28,28,29,20,13,22,22,22,53,58,49,51,51,51,52,52,70,70,76,24,59,54,77,76,59,87,137,121,167,122,187,126,129,74,74,68,79,74,80,85,86,87,101,91,117,77,102,55,57,55,80,52,93,93,189,94,93,0,79,79,87,87,102,86,101,87,79,79,166,113,102,109,218,203,583,262,254,239,238,212,455,445,430,423,544,529,2256,1482,1344,1005,29984,29985,29985,29986,29986,29987,29987,29988,29988,29989]} 1. d4 d5 2. c4 e6 3. Nc3 c5 4. cxd5 exd5 5. Nf3 Nc6 6. g3 Nf6 7. Bg2 cxd4 8. Nxd4 Bc5 9. Nb3 Bb6 {D33: Tarrasch Defence: 6 g3 sidelines} 10. O-O (10. Na4 O-O 11. Nxb6 axb6 12. Be3 h5 13. O-O h4 14. Bg5 h3 15. Bh1 Re8 16. Re1 Bg4 17. a3 {½-½ (35) Mamedyarov,S (2765)-Dubov,D (2700) Riga 2019}) 10... d4 11. Na4 O-O {The position is equal.} 12. Bg5 h6 13. Nxb6 axb6 14. Bxc6 bxc6 15. Bxf6 $1 Qxf6 16. Qxd4 Qd8 $146 ({Predecessor:} 16... Qxd4 17. Nxd4 {1-0 (75) Jarmuz,F (1846)-Ugrinovskiy,G (1707) ICCF email 2016}) 17. Rfd1 $36 {[%mdl 2048] White is more active.} Qc7 18. Qf4 (18. Qd6 $16 Qb7 19. Nd4) 18... Qe7 19. Qf3 Ba6 20. Qxc6 Qxe2 21. Rd2 $1 {[%cal Rd2e2]} Qh5 22. Qxb6 Rfb8 {[#]} 23. Qc5 $1 {[%cal Rc5h5]} Qh3 (23... Qg6 $16) 24. f3 (24. Na5 $18) 24... Rc8 $16 25. Qf2 (25. Qe3 $142) 25... Bc4 {Hoping for ...Bxb3.} 26. Rad1 Bxb3 27. axb3 Qe6 28. Rd3 Rab8 29. Re1 Qf6 30. Kg2 Rb7 31. Re2 h5 32. h4 g6 33. Qe3 Rbc7 34. Qd4 Qf5 35. Rc3 Qa5 (35... Qb5 $16 {is a better defense.} 36. Re5 Qb8) 36. Re5 (36. b4 $18 {and White stays clearly on top.} Qa6 37. Rec2 Rxc3 38. bxc3) 36... Qa8 37. Re2 (37. Qa4 $16 Qxa4 38. bxa4) 37... Rd8 (37... Qa5 $1 $11) 38. Qa4 Qb8 39. Rxc7 Qxc7 40. Re8+ Rxe8 41. Qxe8+ {[%mdl 4096] Endgame KQ-KQ} Kg7 42. Qe2 Kg8 (42... Qd6 $16 {might work better.} 43. Qc2 Kg8 44. Qc8+ Kh7) 43. Qd2 ({White should play} 43. b4 $18) 43... Qe5 44. b4 f6 (44... Qe8 $16 45. Kf2 Qe5) 45. Kf2 g5 $2 (45... Kg7 {is more resistant.} 46. f4 Qc7) 46. Qc3 (46. hxg5 $142 fxg5 47. Qd8+ Kg7 48. Qd7+ Kg6 49. Qc6+ Kg7 50. Qc3 Qxc3 51. bxc3) 46... Qd6 $18 47. hxg5 fxg5 48. Qe3 Qf6 $2 (48... Qd5 49. Ke1 Qb5 50. Qe6+ Kg7 51. Qe7+ Kg8 52. Qe6+ Kg7 53. Qe7+ Kg8) 49. Qb3+ Kh7 50. b5 {[%cal Bb4b5,Bb5b6,Bb6b7][%mdl 32] Strongly threatening b6.} h4 51. gxh4 gxh4 52. b6 {White threatens b7 and mate.} Qd4+ 53. Kf1 {Intending b7 and mate.} h3 54. b7 {White mates.} h2 55. Qc2+ {[%mdl 64] [#] Double Attack} Kg7 56. Qxh2 Qd1+ 57. Kg2 Qc2+ 58. Kh1 {Accuracy: White = 66%, Black = 31%.} 1-0

[Event "35th European Club Cup 2019"]
[Site "Ulcinj"]
[Date "2019.11.11"]
[Round "2.10"]
[White "Papadiamandis, Elliot"]
[Black "Huzman, Alexander"]
[Result "1/2-1/2"]
[WhiteElo "2220"]
[BlackElo "2577"]
[Annotator "TA"]
[PlyCount "64"]
[EventDate "2019.11.10"]
[EventType "team-tourn"]
[EventCountry "MNE"]
[SourceTitle "playchess.com"]
[Source "ChessBase"]
[SourceQuality "1"]
[WhiteTeam "Mulhouse"]
[BlackTeam "Beer Sheva"]

{[%evp 22,64,16,11,38,12,17,16,60,0,12,0,23,0,39,0,28,31,24,23,35,36,32,33,41,-4,0,-56,-64,-62,-58,-80,-78,-89,-79,-89,-88,-69,0,0,0,0,0,0,109]} 1. e4 e5 2. Nf3 Nc6 3. Bc4 Bc5 4. d3 Nf6 5. c3 a6 6. Nbd2 O-O 7. Bb3 Ba7 8. O-O d6 9. h3 Re8 10. Re1 h6 11. Nf1 Be6 12. Ng3 Qd7 {C54: Giuoco Piano: 4 c3 Nf6, main lines with 5 d4 and 5 d3} 13. Bxe6 (13. Bc2 {keeps more tension.} Rad8 14. d4 exd4 15. cxd4 d5 16. e5) 13... Rxe6 14. d4 Ree8 15. d5 Ne7 16. Nh4 {[#]} Kh7 $146 ({Predecessor:} 16... c6 17. c4 cxd5 18. cxd5 Kh7 19. Qf3 Nfg8 20. Be3 Bxe3 21. Rxe3 Ng6 22. Nhf5 Rac8 23. Nh5 {1-0 (23) Asrian,K (2634)-Pashikian,A (2532) Yerevan 2007}) 17. Qf3 Rf8 18. Nhf5 Nxf5 19. Nxf5 Ng8 20. Qg4 {[%csl Gf5][%cal Rg4g7]} g6 21. Nxh6 $1 Qxg4 22. Nxg4 f5 23. exf5 gxf5 24. Ne3 (24. Nh2 $1 $11) 24... f4 $1 $15 25. Ng4 Nf6 $1 26. Nxf6+ Rxf6 27. Kf1 {[#]} Rg8 $1 {[%mdl 1024] Black has strong compensation.} 28. f3 {[#]} Rg3 $1 {White must now prevent ...Rfg6.} 29. Re2 Rfg6 $2 (29... Rh6 $1 $15 {keeps the upper hand.} 30. Rc2 Rh4) 30. Rc2 $1 $16 {[#]The position is equal.} e4 $1 {[%mdl 512]} 31. Bxf4 (31. fxe4 f3) 31... Rxf3+ 32. gxf3 Rg1+ {Accuracy: White = 53%, Black = 72%.} 1/2-1/2

[Event "35th European Club Cup 2019"]
[Site "Ulcinj"]
[Date "2019.11.11"]
[Round "2.11"]
[White "Mikhalevski, Victor"]
[Black "Netzer, Jacques"]
[Result "1-0"]
[WhiteElo "2570"]
[BlackElo "2284"]
[Annotator "TA"]
[PlyCount "45"]
[EventDate "2019.11.10"]
[EventType "team-tourn"]
[EventCountry "MNE"]
[SourceTitle "playchess.com"]
[Source "ChessBase"]
[SourceQuality "1"]
[WhiteTeam "Beer Sheva"]
[BlackTeam "Mulhouse"]

{[%evp 9,45,-2,0,-1,0,-14,-27,-22,0,0,100,89,91,84,90,61,106,98,213,212,259,283,344,384,540,517,1043,1035,1022,929,916,913,896,877,29990,29991,29992,29993]} 1. d4 Nf6 2. Nf3 e6 3. g3 b5 4. a4 b4 5. c4 (5. Bg2 d5 6. O-O Ba6 7. Nbd2 c5 8. Re1 Nc6 9. e4 cxd4 10. exd5 Nxd5 11. Nb3 Be7 12. Nfxd4 Nxd4 13. Nxd4 {0-1 (43) Boruchovsky,A (2525)-Sivuk,V (2552) Israel 2019}) 5... c5 6. Bg2 {A46: 1 d4 Nf6 2 Nf3 e6: Torre, London and Colle Systems} Bb7 7. d5 exd5 8. Nh4 {[%cal Rc4d5] Black has an edge.} Qc7 $146 ({Predecessor:} 8... g6 9. cxd5 Bg7 10. Nd2 O-O 11. Nc4 Ba6 12. Qc2 {½-½ (31) Gonzales,J (2388)-Bersamina,P (2378) Manila 2016}) 9. cxd5 Qe5 (9... d6 $11) 10. e4 Nxd5 11. f4 $36 {[%mdl 2048] Black is under strong pressure.} Qe6 12. O-O {[%mdl 1024] White has strong compensation.} Ne7 13. f5 Qe5 (13... Qa6 $16) 14. Nf3 $18 Qc7 15. Bf4 Qa5 16. Nbd2 {[#] Hoping for Nc4.} ({Stronger than} 16. Bxb8 Rxb8 17. Nbd2 c4 $11) 16... Ba6 (16... Nec6 {might work better.} 17. Nc4 Qa6) 17. Ne5 Bxf1 (17... Nec6 $142 18. Ndc4 Qd8) 18. Bxf1 ({Less strong is} 18. Nxf1 c4 $18) 18... Nec6 19. Ndc4 Qd8 {[#]} 20. Qd5 $1 {[%csl Ge5][%cal Rd5f7][%mdl 512]} Qf6 21. Rd1 g5 22. Nxd7 Qd8 23. Bxb8 {[%mdl 64] Pin. Accuracy: White = 81%, Black = 28%.} 1-0

[Event "35th European Club Cup 2019"]
[Site "Ulcinj"]
[Date "2019.11.11"]
[Round "2.11"]
[White "Kirszenberg, Marc"]
[Black "Laketic, Gojko"]
[Result "1/2-1/2"]
[WhiteElo "2137"]
[BlackElo "2346"]
[Annotator "TA"]
[PlyCount "52"]
[EventDate "2019.11.10"]
[EventType "team-tourn"]
[EventCountry "MNE"]
[SourceTitle "playchess.com"]
[Source "ChessBase"]
[SourceQuality "1"]
[WhiteTeam "Asnieres"]
[BlackTeam "Sloven Ruma"]

{[%evp 20,52,32,25,30,36,38,29,32,0,50,41,49,51,58,55,70,67,59,60,108,27,27,12,42,47,56,58,41,33,33,37,17,20,200]} 1. d4 Nf6 2. c4 c6 3. Nc3 d5 4. cxd5 cxd5 5. Nf3 Nc6 6. Bf4 a6 7. Rc1 Nh5 8. Bd2 Nf6 9. Bf4 Bf5 10. e3 e6 11. Qb3 Ra7 {D13: Slav Defence: Exchange variation without ...Bf5} 12. Be2 Nd7 13. O-O Be7 {White has an edge.} 14. Na4 {[#]} Qa5 $146 ({Predecessor:} 14... g5 15. Be5 Ncxe5 16. Nxe5 Nxe5 17. dxe5 b5 18. Nc5 O-O 19. Bd3 {1-0 (51) Graf,A (2630)-Grischuk,A (2701) Istanbul 2003}) 15. a3 O-O 16. Rc3 Rfa8 17. Rfc1 h6 18. h3 Qd8 19. Qd1 Nf6 {[#]} 20. Bd3 (20. Rxc6 $1 $16 bxc6 21. Ne5) 20... Bxd3 $11 21. Qxd3 Nd7 22. b4 Bf8 23. Qc2 Rc8 24. Ne5 Ndxe5 25. Bxe5 Raa8 26. Bg3 Qe8 $2 {Accuracy: White = 67%, Black = 41%.} (26... Na7 $11 {and Black is okay.}) 1/2-1/2

[Event "35th European Club Cup 2019"]
[Site "Ulcinj"]
[Date "2019.11.11"]
[Round "2.12"]
[White "Kosanovic, Goran A"]
[Black "Marek, Yves"]
[Result "1/2-1/2"]
[WhiteElo "2313"]
[BlackElo "2114"]
[Annotator "TA"]
[PlyCount "130"]
[EventDate "2019.11.10"]
[EventType "team-tourn"]
[EventCountry "MNE"]
[SourceTitle "playchess.com"]
[Source "ChessBase"]
[SourceQuality "1"]
[WhiteTeam "Sloven Ruma"]
[BlackTeam "Asnieres"]

{[%evp 12,130,23,-4,0,-7,0,-4,-3,-14,-1,0,1,-40,0,-68,-85,-97,-75,-68,13,0,30,17,30,0,0,10,27,0,0,-68,33,0,9,6,64,38,35,26,30,0,39,0,16,15,103,-56,0,0,0,12,11,0,0,0,0,0,0,-17,-27,-380,-2,-2,0,0,0,0,0,0,0,0,278,0,29984,498,410,0,0,0,0,0,0,0,0,0,0,0,0,0,0,0,0,0,0,0,0,0,0,0,0,0,0,0,0,0,0,0,0,0,0,0,0,0,0,0,0,0,0,0,0]} 1. e4 e6 2. d4 d5 3. e5 c5 4. c3 Qb6 5. Nf3 Bd7 6. a3 a5 {[%cal Ba7a5,Ba5a4][%mdl 32]} 7. Be2 a4 {C02: French: Advance Variation} 8. O-O Nc6 {[%cal Bb8c6,Bc6d4,Bd4b3,Bb3a1][%mdl 32]} 9. dxc5 (9. Bd3 Na5 10. Bc2 Nc4 11. Ng5 Be7 12. Nxh7 g6 13. Ng5 Nh6 14. Ra2 Nf5 15. Nf3 cxd4 16. cxd4 {½-½ (41) Shirov,A (2697)-Volkov,S (2636) Kallithea 2002}) 9... Bxc5 10. c4 dxc4 11. Nc3 Nd4 12. Ne4 $146 ({Predecessor:} 12. Bxc4 Ne7 13. Bf4 Bc6 14. Ng5 Ng6 15. Bg3 h6 16. Nge4 O-O 17. Qg4 Bxe4 18. Nxe4 Nf5 19. Nxc5 Qxc5 20. Bxe6 Nxg3 21. Qxg3 fxe6 {½-½ (21) Vysochin,S (2494)-Moroz,A (2513) Ordzhonikidze 2000}) 12... Nb3 13. Be3 (13. Rb1 $11) 13... Bxe3 $15 14. Nd6+ Ke7 $1 {Hoping for ...Bc5.} 15. fxe3 Qxe3+ (15... Nxa1 $15 16. Nxc4 Qc5 17. Qd6+ Qxd6 18. exd6+ Ke8) 16. Kh1 $11 Nxa1 17. Nxf7 Qc5 $1 {...Nh6 is the strong threat.} 18. Nxh8 Nh6 19. Qd2 {And now Nh4 would win.} Rxh8 20. Qg5+ Ke8 $1 21. Rxa1 (21. Qxg7 $11 Qf8 22. Qg5 (22. Qxf8+ Rxf8 23. Rxa1 b5 $15)) 21... Qe7 (21... Nf5 $1 $15) 22. Qd2 {[%mdl 1024] White has compensation.} b5 23. Rd1 $36 {[%mdl 2048] White has good play.} Nf7 ({Better is} 23... Rf8 $11) 24. Qd4 Rf8 25. Kg1 Nd8 26. h4 Nb7 27. Kh2 (27. Qe4 $5 {[%cal Re4b7]} Nc5 28. Qxh7 $14) 27... Nc5 28. Ng5 g6 (28... Bc6 $11) 29. Kg1 $2 (29. Qe3 $16) 29... h6 ({Black should try} 29... Nb3 $1 $15 30. Qb6 Qc5+ 31. Qxc5 Nxc5) 30. Nh7 Qxh7 31. Qxc5 {Threatens to win with Qc7.} Qe7 32. Qc7 {aiming for Bf3.} Rf7 $1 33. h5 g5 $1 34. Bf3 Kf8 35. Be4 Be8 36. Qc8 $2 {[%mdl 8192]} (36. Qb6 $1 $11 Qa7 37. Rd6 Qxb6+ 38. Rxb6) 36... Kg7 $2 (36... Qa7+ $19 37. Kh2 Rf4 {[%mdl 64] Discovered Attack} 38. Qxe6 Rxe4 39. Rf1+ Rf4 40. Qxh6+ Qg7 41. Rxf4+ gxf4 42. Qxf4+ Qf7 43. Qh6+ Kg8 44. Qg5+ Qg7) 37. Bg6 $1 Rf8 38. Bxe8 Rxe8 {[%mdl 4096] Endgame KQR-KQR} 39. Qc6 {Strongly threatening Rd7.} Rd8 40. Rd6 Qa7+ {[#]} 41. Kh1 $1 {[%mdl 512]} Qa5 $2 {[%mdl 8192] [#]} (41... Rxd6 $11 {and Black stays safe.} 42. exd6 Qd4) 42. Qe4 $2 (42. Qb7+ $1 $18 Kh8 43. Qe4) 42... Kh8 $2 {[%mdl 8192]} (42... Rxd6 $11 43. Qg6+ (43. exd6 Kf6 $11) 43... Kf8 44. Qxh6+ Ke8 45. Qh8+ Kf7 46. Qf6+ Ke8 47. Qg6+ Kd7 48. Qg7+ Kc8 49. exd6 Qe1+ 50. Kh2 Qh4+ {[%mdl 64] Double Attack} 51. Kg1 Qe1+ 52. Kh2 Qh4+ {[%mdl 64] Double Attack} 53. Kg1 Qe1+ 54. Kh2) 43. Kh2 (43. Rxe6 $142 Qc7 44. Rxh6+ Kg8 45. Qg6+ {[%mdl 64] Double Attack} Qg7 46. Qe6+ Qf7 47. Rg6+ Kf8 {[#]} 48. Rf6 $1 {[%mdl 576] Pin}) 43... Qc7 $18 44. Qg6 $2 ({White has to play} 44. Rxe6 $18 Qh7 45. Qe3) 44... Rxd6 $11 {The position is equal.} 45. Qxh6+ Kg8 46. Qxg5+ Kh7 47. Qg6+ Kh8 48. Qh6+ Kg8 49. exd6 Qxd6+ {KQ-KQ} 50. g3 Qe5 51. Qg6+ Kh8 52. Qh6+ Kg8 53. Qg6+ Kh8 54. Qe8+ Kh7 55. Qf7+ Qg7 56. Qxe6 Qxb2+ 57. Kh3 Qb1 (57... Qxa3 58. Qg6+ Kh8 59. Qf6+ Kg8 60. h6 $18) 58. Qf7+ Kh6 59. Qf6+ Kh7 60. Qf7+ Kh6 61. Qf6+ Kh7 62. Qf7+ Kh6 63. Qf6+ Kh7 64. Qf7+ Kh6 65. Qf6+ Kh7 {Accuracy: White = 49%, Black = 44%.} 1/2-1/2